000 01027cab a2200265 4500
001 ABS51579
008 090401t1994 xxu||||| |||| 00| 0 eng d
035 _a(Sirsi) u33967
041 _aeng
100 _aWebber, G.
245 _aAddressing the problem
260 _c1994
350 _a0
490 _aSolicitors` Journal
_v138(38) 7 October 1994, 1020(1)
520 _aUses a discussion of "Willowgreen Ltd v Smithers" to highlight the problem of serving the summons in an action for possession when the landlord does not have an address for the tenant. Suggests that peaceable re-entry to the property may be an appropriate solution.
650 _aADDRESS
650 _aPOSSESSION
650 _aPROPERTY-RESIDENTIAL PROPERTY-RESIDENTIAL LANDLORD AND TENANT-RESIDENTIAL TENANCIES
650 _aSERVING NOTICES
650 _aTENANTS
650 _aWILLOWGREEN V SMITHERS
690 _aPROPERTY-RESIDENTIAL PROPERTY-RESIDENTIAL LANDLORD AND TENANT-RESIDENTIAL TENANCIES
942 _n0
948 _c04/03/1997
999 _c22569
_d22569